| 000 | 01713nam a2200397Ia 4500 | ||
|---|---|---|---|
| 001 | ebr10598087 | ||
| 003 | CaPaEBR | ||
| 006 | m u | ||
| 007 | cr cn||||||||| | ||
| 008 | 940607s1994 gw sb 001 0 eng d | ||
| 010 | _z 94019772 | ||
| 020 | _z3110144247 (alk. paper) | ||
| 020 | _z9783110144246 | ||
| 020 | _z9783110880205 | ||
| 040 |
_aCaPaEBR _cCaPaEBR |
||
| 035 | _a(OCoLC)815506978 | ||
| 050 | 1 | 4 |
_aPN90 _b.L48 1994eb |
| 082 | 0 | 4 |
_a801/.95/094309033 _220 |
| 100 | 1 | _aLeventhal, Robert Scott. | |
| 245 | 1 | 4 |
_aThe disciplines of interpretation _h[electronic resource] : _bLessing, Herder, Schlegel and hermeneutics in Germany, 1750-1800 / _cRobert S. Leventhal. |
| 260 |
_aBerlin ; _aNew York : _bW. de Gruyter, _c1994. |
||
| 300 | _axi, 351 p. | ||
| 440 | 0 |
_aEuropean cultures ; _vv. 5 |
|
| 504 | _aIncludes bibliographical references (p. [321]-344) and index. | ||
| 533 |
_aElectronic reproduction. _bPalo Alto, Calif. : _cebrary, _d2011. _nAvailable via World Wide Web. _nAccess may be limited to ebrary affiliated libraries. |
||
| 600 | 1 | 0 |
_aLessing, Gotthold Ephraim, _d1729-1781 _xCriticism and interpretation. |
| 600 | 1 | 0 |
_aHerder, Johann Gottfried, _d1744-1803 _xCriticism and interpretation. |
| 600 | 1 | 0 |
_aSchlegel, Friedrich von, _d1772-1829 _xCriticism and interpretation. |
| 650 | 0 |
_aCriticism _zGermany _xHistory _y18th century. |
|
| 650 | 0 | _aSemiotics and literature. | |
| 650 | 0 | _aDiscourse analysis, Literary. | |
| 650 | 0 |
_aPhilology _xHistory _y18th century. |
|
| 655 | 7 |
_aElectronic books. _2local |
|
| 710 | 2 | _aebrary, Inc. | |
| 856 | 4 | 0 |
_uhttp://site.ebrary.com/lib/rucke/Doc?id=10598087 _zAn electronic book accessible through the World Wide Web; click to view |
| 999 |
_c212766 _d212766 |
||